000 00600nam a2200229Ia 4500
003 OSt
005 20220928144748.0
006 a|||||r|||| 00| 0
007 ta
008 220927b |||||||| |||| 00| 0 eng d
024 _a75944
037 _cTextual
040 _aSDCL
_cSDCL
_beng
041 _2eng
_aeng
082 _aO-,L:g, L6
100 _aDavies R T Ed.
_9509583
245 0 _aLiterature of the romantic
_b 1750-1850.
260 _c1976
700 _a Beatty B G Ed.
_9509584
942 _hO-,L:g, L6
_cTEXL
_2CC
999 _c829563
_d829563